[Event "Bezirksliga Oberbayern 1819"]
[Site "Bayern"]
[Date "2019.04.07"]
[Round "9.2"]
[White "Schlosser, Andree"]
[Black "Frese, Daniel"]
[Result "0-1"]
[WhiteElo "2021"]
[BlackElo "2024"]
[PlyCount "50"]
[EventDate "2018.10.21"]
[EventType "team-tourn"]
[EventRounds "9"]
[EventCountry "GER"]
[SourceTitle "EXT 2022"]
[Source "ChessBase"]
[SourceDate "2021.10.06"]
[SourceVersion "1"]
[SourceVersionDate "2021.10.06"]
[SourceQuality "1"]
[WhiteTeam "Fuerstenfeldbruck TuS"]
[BlackTeam "Traunstein/Traunreut"]
[WhiteTeamCountry "GER"]
[BlackTeamCountry "GER"]

1. c4 Nf6 2. g3 g6 3. Bg2 d5 4. cxd5 Nxd5 5. Nc3 Nxc3 6. bxc3 c5 7. Nf3 Bg7 8. 0-0 0-0 9. Qb3 Qc7 10. d4 cxd4 11. cxd4 Nc6 12. Rd1 Be6 13. Qa3 Rfd8 14. Bb2 Rac8 15. Rac1 Qa5 16. e4 Qxa3 17. Bxa3 Nxd4 18. Nxd4 Rxc1 19. Rxc1 Bxd4 20. Bxe7 Rd7 21. Rc8+ Kg7 22. Bf8+ Kf6 23. Rc2 Bg4 24. Bb4 Bc5 25. Be1 Rd1 0-1

[Event "Bezirksliga Oberbayern 1819"]
[Site "Bayern"]
[Date "2019.02.03"]
[Round "6.2"]
[White "Gesing, Oliver"]
[Black "Schlosser, Andree"]
[Result "1-0"]
[WhiteElo "2127"]
[BlackElo "2021"]
[PlyCount "41"]
[EventDate "2018.10.21"]
[EventType "team-tourn"]
[EventRounds "9"]
[EventCountry "GER"]
[SourceTitle "EXT 2022"]
[Source "ChessBase"]
[SourceDate "2021.10.06"]
[SourceVersion "1"]
[SourceVersionDate "2021.10.06"]
[SourceQuality "1"]
[WhiteTeam "Graefelfing SK"]
[BlackTeam "Fuerstenfeldbruck TuS"]
[WhiteTeamCountry "GER"]
[BlackTeamCountry "GER"]

1. e4 d6 2. d4 Nf6 3. Nc3 c6 4. f4 Qa5 5. Bd3 e5 6. Nf3 exd4 7. Nxd4 g6 8. 0-0 Qb6 9. Be2 Bg7 10. Be3 Qxb2 11. Qd2 Qa3 12. Nb3 0-0 13. e5 Ng4 14. Bxg4 Bxg4 15. Ne4 Na6 16. Nf6+ Bxf6 17. exf6 Rfe8 18. f5 Qb4 19. c3 Qe4 20. Rae1 Bxf5 21. Bf2 1-0

[Event "Oberbayern-ch"]
[Site "Groebenzell"]
[Date "2018.05.12"]
[Round "5.3"]
[White "Schlosser, Andree"]
[Black "Vaccaroni, Juan Manuel"]
[Result "1/2-1/2"]
[WhiteElo "2087"]
[BlackElo "1970"]
[PlyCount "66"]
[EventDate "2018.05.10"]
[EventType "swiss"]
[EventRounds "7"]
[EventCountry "GER"]
[SourceTitle "EXT 2022"]
[Source "ChessBase"]
[SourceDate "2021.10.06"]
[SourceVersion "1"]
[SourceVersionDate "2021.10.06"]
[SourceQuality "1"]

1. c4 e5 2. g3 Nf6 3. Bg2 d5 4. cxd5 Nxd5 5. Nc3 Nb6 6. a4 a5 7. Nf3 Nc6 8. d3 Be7 9. Be3 Be6 10. 0-0 Nd5 11. Bd2 0-0 12. Rc1 Kh8 13. Ne4 f6 14. Nc5 Bxc5 15. Rxc5 Qd6 16. Qc1 Nb6 17. Rb5 Rfb8 18. b3 Bd5 19. Be3 Ra6 20. Qc3 Be6 21. Rc1 Nd5 22. Qd2 Nxe3 23. Qxe3 Nb4 24. d4 e4 25. Qxe4 c6 26. Rh5 f5 27. Qh4 h6 28. Ne5 Kh7 29. Qg5 Bxb3 30. Bh3 Rf8 31. Bxf5+ Rxf5 32. Qxf5+ g6 33. Qb1 Ba2 1/2-1/2

[Event "Oberbayern-ch"]
[Site "Groebenzell"]
[Date "2018.05.11"]
[Round "4.4"]
[White "Lechermann, Markus"]
[Black "Schlosser, Andree"]
[Result "1/2-1/2"]
[WhiteElo "2082"]
[BlackElo "2087"]
[PlyCount "139"]
[EventDate "2018.05.10"]
[EventType "swiss"]
[EventRounds "7"]
[EventCountry "GER"]
[SourceTitle "EXT 2022"]
[Source "ChessBase"]
[SourceDate "2021.10.06"]
[SourceVersion "1"]
[SourceVersionDate "2021.10.06"]
[SourceQuality "1"]

1. d4 d6 2. Bf4 g6 3. e3 Bg7 4. Nf3 Nf6 5. h3 0-0 6. Be2 c5 7. c3 Qb6 8. Qb3 Be6 9. Qxb6 axb6 10. a3 Nc6 11. Nbd2 d5 12. 0-0 c4 13. Ne5 b5 14. Bf3 Rfd8 15. Rfe1 Kf8 16. Rad1 Nxe5 17. Bxe5 Bf5 18. e4 Nxe4 19. Bxg7+ Kxg7 20. Nxe4 Bxe4 21. Bxe4 dxe4 22. Rxe4 e6 23. Re5 Rd5 24. Rxd5 exd5 25. Re1 Kf8 26. Re5 Rd8 27. g4 h6 28. h4 Rd6 29. g5 hxg5 30. hxg5 Rd7 31. Kg2 Rd6 32. Kg3 Rd7 33. Kg4 Rd6 34. f4 Rd7 35. f5 gxf5+ 36. Kxf5 Rd6 37. Kg4 Rd7 38. Kf4 Rd6 39. Ke3 Rd7 40. Kd2 Rd6 41. Kc2 Rd8 42. Kb1 Rd6 43. Ka2 Rd8 44. Ka1 Rd6 45. Kb1 Rd8 46. a4 bxa4 47. Ka2 b5 48. Ka3 Rd7 49. Kb4 Rd8 50. Kc5 Rc8+ 51. Kxd5 b4 52. Re1 bxc3 53. bxc3 Kg7 54. Ra1 Kg6 55. Rxa4 Kxg5 56. Rxc4 Rd8+ 57. Ke5 Re8+ 58. Kd6 f5 59. Kd7 Re4 60. Rc8 f4 61. Rg8+ Kh4 62. d5 f3 63. d6 f2 64. Rf8 Kg3 65. Rxf2 Kxf2 66. Kd8 Rc4 67. d7 Rxc3 68. Ke7 Rd3 69. d8R Rxd8 70. Kxd8 1/2-1/2

[Event "Oberbayern Bezirksliga 1718"]
[Site "Germany"]
[Date "2018.02.04"]
[Round "6.3"]
[White "Schlosser, Andree"]
[Black "Litzka, Matthias"]
[Result "1-0"]
[WhiteElo "2087"]
[BlackElo "2052"]
[PlyCount "61"]
[EventDate "2017.10.22"]
[EventType "team-tourn"]
[EventRounds "9"]
[EventCountry "GER"]
[SourceTitle "EXT 2019"]
[Source "ChessBase"]
[SourceDate "2018.10.10"]
[SourceVersion "1"]
[SourceVersionDate "2018.10.10"]
[SourceQuality "1"]
[WhiteTeam "Fuerstenfeldbruck"]
[BlackTeam "Starnberg"]
[WhiteTeamCountry "GER"]
[BlackTeamCountry "GER"]

1. c4 c5 2. g3 Nf6 3. Bg2 d5 4. cxd5 Nxd5 5. Nc3 Nc7 6. Nf3 Nc6 7. 0-0 e5 8. d3 Be7 9. Be3 0-0 10. Rc1 Be6 11. Qa4 Bd7 12. Nd2 Nd4 13. Qd1 Bc6 14. Nce4 Nce6 15. Nb3 Qb6 16. Ned2 Bxg2 17. Kxg2 Nf5 18. Nc4 Nxe3+ 19. Nxe3 Bg5 20. Rc4 Qc6+ 21. Kg1 b5 22. Rc2 Bxe3 23. fxe3 Qb6 24. Qc1 Rfc8 25. Nd2 Rc7 26. Ne4 c4 27. b3 cxd3 28. Rxc7 dxe2 29. Rc8+ Rxc8 30. Qxc8+ Nf8 31. Re1 1-0

[Event "Oberbayern Bezirksliga 1718"]
[Site "Germany"]
[Date "2017.12.10"]
[Round "4.2"]
[White "Epple, Ulrich"]
[Black "Schlosser, Andree"]
[Result "1-0"]
[WhiteElo "2026"]
[BlackElo "2087"]
[PlyCount "77"]
[EventDate "2017.10.22"]
[EventType "team-tourn"]
[EventRounds "9"]
[EventCountry "GER"]
[SourceTitle "EXT 2019"]
[Source "ChessBase"]
[SourceDate "2018.10.10"]
[SourceVersion "1"]
[SourceVersionDate "2018.10.10"]
[SourceQuality "1"]
[WhiteTeam "Starnberg II"]
[BlackTeam "Fuerstenfeldbruck"]
[WhiteTeamCountry "GER"]
[BlackTeamCountry "GER"]

1. e4 d6 2. d4 Nf6 3. Nc3 c6 4. Be2 b5 5. a3 a6 6. Be3 Bb7 7. f3 Nbd7 8. g4 h6 9. h4 e6 10. Nh3 Qc7 11. Qd2 Be7 12. g5 Nh5 13. Rg1 hxg5 14. Nxg5 g6 15. f4 Ng7 16. Bf2 c5 17. d5 Bxg5 18. hxg5 0-0-0 19. 0-0-0 exd5 20. Nxd5 Bxd5 21. Qxd5 Nb6 22. Bg4+ Kb8 23. Qd3 Nc4 24. Bg3 Nh5 25. Bxh5 Rxh5 26. b3 Nxa3 27. Kb2 c4 28. Qc3 a5 29. b4 Nxc2 30. Kxc2 a4 31. Qd4 Kb7 32. Qd5+ Kb6 33. e5 Qc6 34. Bf2+ Kb7 35. exd6 Rh2 36. Rgf1 Qxd5 37. Rxd5 Kc6 38. Rc5+ Kb6 39. Rc7+ 1-0

[Event "Oberbayern Bezirksliga 1617"]
[Site "Germany"]
[Date "2017.01.15"]
[Round "4.3"]
[White "Terzic, Safet"]
[Black "Schlosser, Andree"]
[Result "1/2-1/2"]
[WhiteElo "2150"]
[BlackElo "2121"]
[PlyCount "32"]
[EventDate "2016.10.16"]
[EventType "team-tourn"]
[EventRounds "9"]
[EventCountry "GER"]
[SourceTitle "EXT 2019"]
[Source "ChessBase"]
[SourceDate "2018.10.10"]
[SourceVersion "1"]
[SourceVersionDate "2018.10.10"]
[SourceQuality "1"]
[WhiteTeam "Starnberg"]
[BlackTeam "Fuerstenfeldbruck"]
[WhiteTeamCountry "GER"]
[BlackTeamCountry "GER"]

1. d4 d6 2. c4 e5 3. Nc3 exd4 4. Qxd4 Nc6 5. Qe4+ Nge7 6. Nd5 Bf5 7. Qe3 Ne5 8. Qb3 Qc8 9. Nf3 N7c6 10. Bd2 Be7 11. Bc3 Nxf3+ 12. gxf3 0-0 13. e4 Bg6 14. h4 h5 15. Bh3 Qb8 16. Bd7 Bd8 1/2-1/2

[Event "Oberbayern-ch"]
[Site "Weilheim Marnbach"]
[Date "2012.05.??"]
[Round "2.1"]
[White "Schlosser, Andree"]
[Black "Zill, Christoph"]
[Result "0-1"]
[WhiteElo "2157"]
[BlackElo "2219"]
[PlyCount "54"]
[EventDate "2012.05.17"]
[EventType "swiss"]
[EventRounds "7"]
[EventCountry "GER"]
[SourceTitle "EXT 2022"]
[Source "ChessBase"]
[SourceDate "2021.10.06"]
[SourceVersion "1"]
[SourceVersionDate "2021.10.06"]
[SourceQuality "1"]

1. d4 e6 2. Bf4 Nf6 3. e3 c5 4. c3 b6 5. a4 a6 6. Nf3 Bb7 7. h3 Be7 8. Be2 0-0 9. 0-0 d6 10. Nbd2 cxd4 11. exd4 Nbd7 12. Qb3 Qc7 13. Rfe1 Rfe8 14. Bh2 Bf8 15. Bf1 Rac8 16. Rad1 Qb8 17. Qa3 e5 18. Qb3 Bd5 19. Bc4 Rxc4 20. Nxc4 b5 21. axb5 axb5 22. dxe5 Bxc4 23. Qc2 dxe5 24. Nxe5 Nxe5 25. Qf5 Nfd7 26. Rxd7 Nf3+ 27. gxf3 Rxe1+ 0-1

[Event "Oberbayern-ch"]
[Site "Weilheim Marnbach"]
[Date "2012.05.??"]
[Round "5.8"]
[White "Seidenschwarz, Holger"]
[Black "Schlosser, Andree"]
[Result "0-1"]
[WhiteElo "1989"]
[BlackElo "2157"]
[PlyCount "88"]
[EventDate "2012.05.17"]
[EventType "swiss"]
[EventRounds "7"]
[EventCountry "GER"]
[SourceTitle "EXT 2022"]
[Source "ChessBase"]
[SourceDate "2021.10.06"]
[SourceVersion "1"]
[SourceVersionDate "2021.10.06"]
[SourceQuality "1"]

1. e4 d6 2. d4 Nf6 3. Nc3 c6 4. f4 Qa5 5. Bd3 e5 6. Nf3 Nbd7 7. 0-0 Be7 8. h3 0-0 9. Be3 Re8 10. g4 exf4 11. Bxf4 Nf8 12. Ne2 Ng6 13. Be3 Bf8 14. Ng3 Qc7 15. Kg2 Nd5 16. exd5 Rxe3 17. Qd2 Re7 18. Nf5 Bxf5 19. gxf5 Nh8 20. f6 gxf6 21. Kh2 Ng6 22. h4 h5 23. Rg1 Rae8 24. Qf4 Bg7 25. Qf5 Re3 26. Qxh5 cxd5 27. Qg4 R3e4 28. Bxe4 dxe4 29. Ne1 d5+ 30. Kh1 e3 31. Qh3 Re4 32. Nf3 Qf4 33. c3 Qh6 34. Qg3 f5 35. Qb8+ Bf8 36. Qd8 Rg4 37. Qxd5 Nxh4 38. Rxg4+ fxg4 39. Qg5+ Qxg5 40. Nxg5 f5 41. d5 g3 42. Re1 g2+ 43. Kg1 Be7 44. Rxe3 Bc5 0-1

[Event "Oberliga Bayern 0708"]
[Site "Bayern"]
[Date "2008.01.20"]
[Round "5.7"]
[White "Singer, Christoph"]
[Black "Schlosser, Andree"]
[Result "1-0"]
[WhiteElo "2256"]
[BlackElo "2084"]
[PlyCount "85"]
[EventDate "2007.10.21"]
[EventType "team-tourn"]
[EventRounds "9"]
[EventCountry "GER"]
[SourceTitle "EXT 2009"]
[Source "ChessBase"]
[SourceDate "2008.11.26"]
[SourceVersion "1"]
[SourceVersionDate "2008.11.26"]
[SourceQuality "1"]
[WhiteTeam "Muenchen Tarrasch"]
[BlackTeam "Groebenzell"]
[WhiteTeamCountry "GER"]
[BlackTeamCountry "GER"]

1. e4 d6 2. d4 Nf6 3. Nc3 c6 4. Nf3 Bg4 5. Be2 e6 6. 0-0 Be7 7. Bf4 0-0 8. h3 Bxf3 9. Bxf3 d5 10. Re1 h6 11. Qd2 Bb4 12. e5 Nh7 13. a3 Be7 14. Rad1 Nd7 15. Ne2 Nb6 16. Ng3 Rc8 17. Nh5 Bg5 18. Be2 c5 19. Bd3 cxd4 20. h4 Bxf4 21. Qxf4 Kh8 22. Bxh7 Kxh7 23. Rd3 Nd7 24. Re2 Rc4 25. b3 Rc3 26. Qxd4 Rxd3 27. Qxd3+ Kh8 28. Qg3 g6 29. Nf4 Kh7 30. h5 g5 31. Qd3+ Kg7 32. Nxe6+ fxe6 33. Qg6+ Kh8 34. Qxh6+ Kg8 35. Qxe6+ Kh8 36. Qh6+ Kg8 37. Qg6+ Kh8 38. e6 Qe7 39. exd7 Qxe2 40. Qh6+ Kg8 41. Qxg5+ Kf7 42. Qf5+ Ke7 43. Qxf8+ 1-0

[Event "Oberliga Bayern 0708"]
[Site "Bayern"]
[Date "2007.11.25"]
[Round "3.6"]
[White "Pauli, Alexander"]
[Black "Schlosser, Andree"]
[Result "1/2-1/2"]
[WhiteElo "2184"]
[BlackElo "2170"]
[PlyCount "39"]
[EventDate "2007.10.21"]
[EventType "team-tourn"]
[EventRounds "9"]
[EventCountry "GER"]
[SourceTitle "EXT 2009"]
[Source "ChessBase"]
[SourceDate "2008.11.26"]
[SourceVersion "1"]
[SourceVersionDate "2008.11.26"]
[SourceQuality "1"]
[WhiteTeam "Nuernberg NT"]
[BlackTeam "Groebenzell"]
[WhiteTeamCountry "GER"]
[BlackTeamCountry "GER"]

1. e4 d6 2. d4 Nf6 3. Nc3 c6 4. h3 b5 5. a3 a6 6. g4 g6 7. Be3 Bg7 8. Bg2 Bb7 9. Qd2 h5 10. g5 Nfd7 11. f4 Nb6 12. b3 N8d7 13. e5 Qc7 14. Nge2 d5 15. 0-0 e6 16. a4 0-0 17. a5 Nc8 18. b4 Ne7 19. Ng3 Rfe8 20. h4 1/2-1/2

[Event "Seefeld op 18th"]
[Site "Seefeld"]
[Date "2007.09.06"]
[Round "6"]
[White "Schlosser, Andree"]
[Black "Heinig, Wolfram"]
[Result "1/2-1/2"]
[WhiteElo "2200"]
[BlackElo "2360"]
[PlyCount "37"]
[EventDate "2007.09.01"]
[EventType "swiss"]
[EventRounds "9"]
[EventCountry "AUT"]
[SourceTitle "EXT 2009"]
[Source "ChessBase"]
[SourceDate "2008.11.26"]
[SourceVersion "1"]
[SourceVersionDate "2008.11.26"]
[SourceQuality "1"]

1. d4 Nf6 2. Bf4 g6 3. e3 Bg7 4. Nf3 d6 5. h3 0-0 6. Be2 Nbd7 7. 0-0 c5 8. c3 b6 9. a4 a6 10. Na3 Bb7 11. Qb3 Rc8 12. Rad1 Rc7 13. Nd2 Qa8 14. Bf3 Bxf3 15. Nxf3 Rfc8 16. Rfe1 Ne4 17. Ng5 Nxg5 18. Bxg5 Kf8 19. d5 1/2-1/2

[Event "Seefeld op 18th"]
[Site "Seefeld"]
[Date "2007.09.05"]
[Round "5"]
[White "Schlosser, Andree"]
[Black "Schnegg, Daniel"]
[Result "1-0"]
[WhiteElo "2200"]
[BlackElo "2012"]
[PlyCount "75"]
[EventDate "2007.09.01"]
[EventType "swiss"]
[EventRounds "9"]
[EventCountry "AUT"]
[SourceTitle "EXT 2009"]
[Source "ChessBase"]
[SourceDate "2008.11.26"]
[SourceVersion "1"]
[SourceVersionDate "2008.11.26"]
[SourceQuality "1"]

1. d4 Nf6 2. Bf4 g6 3. e3 Bg7 4. Nf3 d6 5. h3 0-0 6. Be2 Nbd7 7. 0-0 Qe8 8. Bh2 e5 9. c3 Qe7 10. Na3 Ne8 11. dxe5 dxe5 12. Nc4 Rb8 13. a4 b6 14. Qc2 Nd6 15. Nxd6 Qxd6 16. Rfd1 Qe7 17. Bb5 Nc5 18. b4 Bf5 19. Qb2 Nb7 20. Bg3 Rbd8 21. Bc6 Nd6 22. Qb3 Kh8 23. a5 Bd7 24. Bxd7 Rxd7 25. axb6 cxb6 26. Rd5 f6 27. Rad1 b5 28. Qa2 Rc8 29. Qa6 Rcd8 30. Qc6 Rc7 31. Rxd6 Rxc6 32. Rxd8+ Qf8 33. Rxf8+ Bxf8 34. Nxe5 Rxc3 35. Rd8 Kg7 36. Rd7+ Kh6 37. Ng4+ Kg5 38. Rd5+ 1-0

[Event "Seefeld op 18th"]
[Site "Seefeld"]
[Date "2007.09.04"]
[Round "4"]
[White "Thoeny, Hermann"]
[Black "Schlosser, Andree"]
[Result "1-0"]
[WhiteElo "2123"]
[BlackElo "2200"]
[PlyCount "107"]
[EventDate "2007.09.01"]
[EventType "swiss"]
[EventRounds "9"]
[EventCountry "AUT"]
[SourceTitle "EXT 2009"]
[Source "ChessBase"]
[SourceDate "2008.11.26"]
[SourceVersion "1"]
[SourceVersionDate "2008.11.26"]
[SourceQuality "1"]

1. d4 d5 2. Nf3 Nf6 3. c4 c6 4. cxd5 cxd5 5. Nc3 Nc6 6. Bf4 e6 7. e3 Bd7 8. Bd3 Be7 9. h3 0-0 10. 0-0 Ne8 11. e4 dxe4 12. Nxe4 Nb4 13. Bb1 Bc6 14. a3 Nd5 15. Bh2 Nef6 16. Ne5 Bb5 17. Re1 Rc8 18. Qd2 Qb6 19. Ba2 Rfd8 20. Ng5 Be8 21. Ngf3 h6 22. Rac1 Qa6 23. Bg3 b5 24. Qd3 Rxc1 25. Rxc1 Nb4 26. axb4 Qxa2 27. Nc6 Bxc6 28. Rxc6 Qxb2 29. Qxb5 Qxb4 30. Qa6 Qa3 31. Qb7 a5 32. Bc7 Rf8 33. Bxa5 Qxa5 34. Qxe7 Nd5 35. Qd7 Qa1+ 36. Kh2 Qf1 37. Rc8 Rxc8 38. Qxc8+ Kh7 39. Qc2+ g6 40. Qd2 g5 41. g3 Nf6 42. Qc2+ Kg7 43. Ne5 h5 44. d5 Nxd5 45. Qb2 Kg8 46. Qb8+ Kh7 47. Qa7 Ne7 48. Nxf7 g4 49. h4 Kg6 50. Ng5 Qe1 51. Kg2 Kf6 52. Qb8 Nf5 53. Qd8+ Ke5 54. f4+ 1-0

[Event "Oberliga Bayern 0607"]
[Site "Bayern"]
[Date "2007.02.25"]
[Round "6.7"]
[White "Schlosser, Andree"]
[Black "Kunze, Holger"]
[Result "1/2-1/2"]
[WhiteElo "2111"]
[BlackElo "2175"]
[PlyCount "39"]
[EventDate "2006.10.15"]
[EventType "team-tourn"]
[EventRounds "9"]
[EventCountry "GER"]
[SourceTitle "EXT 2008"]
[Source "ChessBase"]
[SourceDate "2007.11.25"]
[SourceVersion "1"]
[SourceVersionDate "2007.11.25"]
[SourceQuality "1"]
[WhiteTeam "Groebenzell"]
[BlackTeam "Muenchen 36"]
[WhiteTeamCountry "GER"]
[BlackTeamCountry "GER"]

1. d4 Nf6 2. Bf4 d5 3. e3 c5 4. c3 Nc6 5. Nf3 Qb6 6. Qb3 c4 7. Qxb6 axb6 8. Be2 Bf5 9. 0-0 e6 10. Nbd2 h6 11. Ne5 Be7 12. h3 b5 13. a3 Nd7 14. Nxd7 Kxd7 15. Rfe1 Bd6 16. Bxd6 Kxd6 17. Bf3 Rhd8 18. e4 dxe4 19. Bxe4 Bxe4 20. Nxe4+ 1/2-1/2

[Event "Oberliga Bayern 0607"]
[Site "Bayern"]
[Date "2006.12.10"]
[Round "4.7"]
[White "Schlosser, Andree"]
[Black "Monninger, Moritz Franz"]
[Result "1-0"]
[WhiteElo "2112"]
[BlackElo "2031"]
[PlyCount "65"]
[EventDate "2006.10.15"]
[EventType "team-tourn"]
[EventRounds "9"]
[EventCountry "GER"]
[SourceTitle "EXT 2008"]
[Source "ChessBase"]
[SourceDate "2007.11.25"]
[SourceVersion "1"]
[SourceVersionDate "2007.11.25"]
[SourceQuality "1"]
[WhiteTeam "Groebenzell"]
[BlackTeam "Muenchen Tarrasch"]
[WhiteTeamCountry "GER"]
[BlackTeamCountry "GER"]

1. d4 d5 2. Bf4 Nf6 3. e3 c5 4. c3 Nc6 5. Nd2 Bf5 6. Ngf3 e6 7. Ne5 Nxe5 8. Bxe5 Be7 9. Bb5+ Nd7 10. Bxg7 Rg8 11. Be5 a6 12. Bxd7+ Qxd7 13. dxc5 Bxc5 14. Nb3 Bd6 15. Bg3 Be4 16. f3 Bxg3+ 17. hxg3 Rxg3 18. Kf2 Qc7 19. fxe4 0-0-0 20. Qd4 Rdg8 21. Rag1 b6 22. Rxh7 R3g4 23. Nd2 Qd8 24. g3 Qg5 25. Qxb6 Qg6 26. Qxa6+ Kb8 27. Qd6+ Kc8 28. Rh2 dxe4 29. Ke2 Rd8 30. Qc5+ Kb8 31. Rh5 f5 32. Rh8 Qf6 33. Qb6+ 1-0

[Event "Bayern-ch 76th"]
[Site "Wuerzburg"]
[Date "2005.08.29"]
[Round "3"]
[White "Schlosser, Andree"]
[Black "Eiber, Manfred"]
[Result "1/2-1/2"]
[WhiteElo "2129"]
[BlackElo "2198"]
[PlyCount "67"]
[EventDate "2005.08.27"]
[EventType "swiss"]
[EventRounds "9"]
[EventCountry "GER"]
[SourceTitle "EXT 2015"]
[Source "ChessBase"]
[SourceDate "2014.11.20"]
[SourceVersion "1"]
[SourceVersionDate "2014.11.20"]
[SourceQuality "1"]

1. d4 d5 2. Bf4 c5 3. e3 Nc6 4. c3 Qb6 5. Qb3 c4 6. Qc2 Bf5 7. Qc1 f6 8. Nd2 e5 9. Bg3 exd4 10. exd4 Kf7 11. Be2 Re8 12. Nf1 Nxd4 13. cxd4 Bb4+ 14. Nd2 Bd3 15. Bf4 Qxd4 16. Be3 Rxe3 17. fxe3 Qxe3 18. Kd1 Ne7 19. Bf3 d4 20. Ne2 c3 21. bxc3 dxc3 22. Nxc3 Bxc3 23. Qxc3 Be2+ 24. Kc2 Rc8 25. Bd5+ Nxd5 26. Qxc8 Nb4+ 27. Kb2 Qxd2+ 28. Kb3 Nd5 29. Qxb7+ Kg6 30. Rac1 Qd3+ 31. Kb2 Qd4+ 32. Kb3 Qd3+ 33. Kb2 Qd4+ 34. Kb3 1/2-1/2

[Event "Landesliga Sued 0001"]
[Site "Bayern"]
[Date "2000.12.10"]
[Round "3"]
[White "Jergler, Karl Heinz"]
[Black "Schlosser, Andree"]
[Result "1/2-1/2"]
[WhiteElo "2140"]
[BlackElo "2130"]
[PlyCount "33"]
[EventDate "2000.10.15"]
[EventType "team-tourn"]
[EventRounds "9"]
[EventCountry "GER"]
[SourceTitle "EXT 2020"]
[Source "ChessBase"]
[SourceDate "2019.10.17"]
[SourceVersion "1"]
[SourceVersionDate "2019.10.17"]
[SourceQuality "1"]
[WhiteTeam "Dorfen PSV"]
[BlackTeam "Fuerstenfeldbruck TuS"]
[WhiteTeamCountry "GER"]
[BlackTeamCountry "GER"]

1. e4 e5 2. Nf3 Nc6 3. d4 exd4 4. Nxd4 Bc5 5. Be3 Nxd4 6. Bxd4 Bxd4 7. Qxd4 Qf6 8. e5 Qb6 9. Qxb6 axb6 10. Nc3 f6 11. Nd5 Kd8 12. exf6 Nxf6 13. Nxf6 gxf6 14. Bd3 d6 15. Kd2 Ra5 16. Rhe1 Rh5 17. h3 1/2-1/2

[Event "Landesliga Sued 9900"]
[Site "Bayern"]
[Date "2000.03.26"]
[Round "8.4"]
[White "Schamberger, Alfons"]
[Black "Schlosser, Andree"]
[Result "1/2-1/2"]
[WhiteElo "2080"]
[BlackElo "2105"]
[PlyCount "91"]
[EventDate "1999.10.10"]
[EventType "team-tourn"]
[EventRounds "9"]
[EventCountry "GER"]
[SourceTitle "EXT 2020"]
[Source "ChessBase"]
[SourceDate "2019.10.17"]
[SourceVersion "1"]
[SourceVersionDate "2019.10.17"]
[SourceQuality "1"]
[WhiteTeam "Sendling SC"]
[BlackTeam "Fuerstenfeldbruck TuS"]
[WhiteTeamCountry "GER"]
[BlackTeamCountry "GER"]

1. Nf3 d5 2. g3 c6 3. Bg2 Bf5 4. d3 h6 5. 0-0 Nf6 6. c4 e6 7. a3 Be7 8. b4 a5 9. b5 0-0 10. Bb2 Nbd7 11. bxc6 bxc6 12. Nd4 Qb6 13. Nxf5 exf5 14. Qc2 Rab8 15. Bc1 Bd6 16. Nd2 f4 17. Nf3 fxg3 18. hxg3 Ng4 19. e3 Ndf6 20. Bd2 Qa7 21. Nd4 Rfc8 22. Qa4 Be5 23. Bc3 dxc4 24. Qxc4 Qc7 25. Ne2 Bxc3 26. Qxc3 a4 27. Rab1 Qe7 28. e4 c5 29. Rfc1 c4 30. Rxb8 Rxb8 31. Qxc4 Qxa3 32. d4 Rb2 33. Re1 Qb4 34. Qxb4 Rxb4 35. e5 Nd7 36. Bh3 f5 37. f3 Ne3 38. Kf2 Nc2 39. Rc1 Nxd4 40. Rc8+ Kf7 41. Rc7 Ke8 42. Nxd4 Rxd4 43. e6 Nf8 44. Bxf5 Rd5 45. Bh3 Ra5 46. Rc8+ 1/2-1/2

[Event "Landesliga Sued 9900"]
[Site "Bayern"]
[Date "2000.03.12"]
[Round "7.4"]
[White "Schlosser, Andree"]
[Black "Pohle, Reinhold"]
[Result "1-0"]
[WhiteElo "2105"]
[BlackElo "2120"]
[PlyCount "81"]
[EventDate "1999.10.10"]
[EventType "team-tourn"]
[EventRounds "9"]
[EventCountry "GER"]
[SourceTitle "EXT 2020"]
[Source "ChessBase"]
[SourceDate "2019.10.17"]
[SourceVersion "1"]
[SourceVersionDate "2019.10.17"]
[SourceQuality "1"]
[WhiteTeam "Fuerstenfeldbruck TuS"]
[BlackTeam "Starnberg SC"]
[WhiteTeamCountry "GER"]
[BlackTeamCountry "GER"]

1. c4 e5 2. Nc3 Nc6 3. g3 g6 4. Bg2 Bg7 5. Nf3 d6 6. Rb1 Bf5 7. d3 Qd7 8. h3 h5 9. b4 Nf6 10. Ng5 0-0 11. Nd5 Nd8 12. Bb2 c6 13. Ne3 Be6 14. d4 exd4 15. Bxd4 a5 16. a3 axb4 17. axb4 Qe7 18. 0-0 Bd7 19. Bxf6 Bxf6 20. Ne4 Be5 21. f4 Bg7 22. Qxd6 Qxd6 23. Nxd6 Bd4 24. Rb3 Ra2 25. Rd1 c5 26. bxc5 Ba4 27. Rxd4 Bxb3 28. Kf2 Ne6 29. Rd5 Rb8 30. f5 gxf5 31. Nexf5 Ra5 32. Nh6+ Kg7 33. Rxh5 Rxc5 34. Nhf5+ Kg8 35. Bd5 b6 36. Nh6+ Kg7 37. Nhxf7 Rf8 38. Re5 Nd8 39. Rg5+ Kf6 40. Ne4+ Ke7 41. Re5+ 1-0

[Event "Landesliga Sued 9900"]
[Site "Bayern"]
[Date "2000.02.20"]
[Round "6.4"]
[White "Luft, Martin"]
[Black "Schlosser, Andree"]
[Result "0-1"]
[WhiteElo "2130"]
[BlackElo "2105"]
[PlyCount "60"]
[EventDate "1999.10.10"]
[EventType "team-tourn"]
[EventRounds "9"]
[EventCountry "GER"]
[SourceTitle "EXT 2020"]
[Source "ChessBase"]
[SourceDate "2019.10.17"]
[SourceVersion "1"]
[SourceVersionDate "2019.10.17"]
[SourceQuality "1"]
[WhiteTeam "Graefelfing SK"]
[BlackTeam "Fuerstenfeldbruck TuS"]
[WhiteTeamCountry "GER"]
[BlackTeamCountry "GER"]

1. d4 Nf6 2. c4 d6 3. Nf3 Bg4 4. Nc3 Bxf3 5. gxf3 c6 6. e3 e5 7. b3 Nbd7 8. Bb2 g6 9. Qc2 exd4 10. exd4 Bh6 11. Bd3 Qe7+ 12. Qe2 Nh5 13. Qxe7+ Kxe7 14. 0-0 f5 15. Ba3 Ndf6 16. d5 Nf4 17. dxc6 Nxd3 18. Nb5 bxc6 19. Nxd6 c5 20. Nb7 Rhc8 21. Rad1 Rc7 22. Rxd3 Rxb7 23. Bxc5+ Kf7 24. Rfd1 Re8 25. Kf1 Bf8 26. Be3 Rc8 27. Bc1 Rcc7 28. Be3 Bc5 29. Bxc5 Rxc5 30. a3 a5 0-1